Normal view MARC view
  • MCQ-ENGINEERING. , MCQ-ELECTRONICS ENGINEERING. , MCQ-COMMUNICATION ENGINEERING. , QUESITON BANK IN ELECTRONICS AND COMMUNICATION ENGINEERING

Entry Topical Term

Number of records used in: 2

001 - CONTROL NUMBER

  • control field: 64509

003 - CONTROL NUMBER IDENTIFIER

  • control field: NUST

005 - DATE AND TIME OF LATEST TRANSACTION

  • control field: 20210628203304.0

008 - FIXED-LENGTH DATA ELEMENTS

  • fixed length control field: 210628|| aca||aabn | a|a d

040 ## - CATALOGING SOURCE

  • Original cataloging agency: NUST
  • Transcribing agency: NUST

150 ## - HEADING--TOPICAL TERM

  • Topical term or geographic name entry element: MCQ-ENGINEERING. , MCQ-ELECTRONICS ENGINEERING. , MCQ-COMMUNICATION ENGINEERING. , QUESITON BANK IN ELECTRONICS AND COMMUNICATION ENGINEERING

670 ## - SOURCE DATA FOUND

  • Source citation: Work cat.: (NUST): Gupta, B.R. Dr , Singhal, V 64508, Quesiton bank in electronics and communication engineering , with more than 12000 objective type quesitona nd answers, 2010
© 2023 Central Library, National University of Sciences and Technology. All Rights Reserved.